Use of manure in fish farming : A review
Đã lưu trong:
| Tác giả chính: | |
|---|---|
| Định dạng: | Sách |
| Ngôn ngữ: | Undetermined |
| Được phát hành: |
England
Science Publishers Ltd.
1979
|
| Những chủ đề: | |
| Các nhãn: |
Thêm thẻ
Không có thẻ, Là người đầu tiên thẻ bản ghi này!
|
| Thư viện lưu trữ: | Trung tâm Học liệu Trường Đại học Cần Thơ |
|---|
| LEADER | 00522nam a2200193Ia 4500 | ||
|---|---|---|---|
| 001 | CTU_150087 | ||
| 008 | 210402s9999 xx 000 0 und d | ||
| 082 | |a 577.6 | ||
| 082 | |b W927 | ||
| 100 | |a Wohlfarth, G. W. | ||
| 245 | 0 | |a Use of manure in fish farming : | |
| 245 | 2 | |b A review | |
| 245 | 0 | |c G. W. Wohlfarth, G. L. Schroeder | |
| 260 | |a England | ||
| 260 | |b Science Publishers Ltd. | ||
| 260 | |c 1979 | ||
| 650 | |a Aquatic ecology | ||
| 904 | |i Giang | ||
| 980 | |a Trung tâm Học liệu Trường Đại học Cần Thơ | ||